000 00446nam a2200181Ia 4500
001 3216
005 20260306144904.0
008 260306t2020||||xx |||||||||||||| ||spa||
041 _aESP
082 _a262.5
_bL27
100 _aLa Soujeole, Benoit-Dominique de
_eAUT
245 0 _aIntroducción al misterio de la Iglesia
260 _c2020
300 _a557 páginas :
_c22 cm.
650 _aGEN
654 _aCHU
942 _cLIB
_dJUS
_fJUS
_2ddc
_n
999 _c3216
_d3216